000 01029nam a2200229 i 4500
001 bg
111 2 _aMiędzyuczelniana Konferencja Metrologów
_n(29 ;
_d1997 ;
_cNałęczów).
245 0 5 _aXXIX Międzyuczelniana Konferencja Metrologów [MKM'97]
_bNałęczów 10-12 września 1997 r. : materiały konferencyjne.
_nT. 2 /
_c[oprac. red. Eligiusz Pawłowski] ; Politechnika Lubelska. Katedra Metrologii Elektrycznej i Elektronicznej.
260 _aLublin :
_bPracownia Poligraficzna Prywatnego LO [Liceum Ogólnokształcącego] im. K. Gostyńskiego,
_c1997.
300 _aS. X, [1], 312-630, [3] s. :
_b1 il., fot., rys., wykr. ;
_c24 cm.
504 _aBibliogr., summ. przy ref. - Indeks.
650 9 _aPomiary
655 _aMateriały konferencyjne
700 1 _aPawłowski, Eligiusz.
_eRed.
020 _a8390730812 (2 t.)
040 _cBPK
041 0 _apl
_ben
080 _a621.317:53.08:006.91:378.662:372.838.9](061.3)
920 _a83-907308-1-2 (2 t.)
942 _cKS
008 s pl f |000 0 pol
999 _c32629
_d32629